Women & peace chapters from northeast india (Record no. 4135)

MARC details
000 -LEADER
fixed length control field 00623cam a2200217ua 4500
001 - CONTROL NUMBER
control field 4320
005 - DATE AND TIME OF LATEST TRANSACTION
control field 20260515113821.0
008 - FIXED-LENGTH DATA ELEMENTS--GENERAL INFORMATION
fixed length control field 111223n ii |||gr||||Z||||||eng
020 ## - INTERNATIONAL STANDARD BOOK NUMBER
International Standard Book Number 978-81-8370-126-6
040 ## - CATALOGING SOURCE
Transcribing agency MAIN
082 ## - DEWEY DECIMAL CLASSIFICATION NUMBER
Classification number 305.4
100 1# - MAIN ENTRY--PERSONAL NAME
Personal name Dutta, Anuradha,
Relator term Editor.,
245 11 - TITLE STATEMENT
Title Women & peace chapters from northeast india
Statement of responsibility, etc. ed. by Anuradha Dutta
250 ## - EDITION STATEMENT
Edition statement 1st.
260 ## - PUBLICATION, DISTRIBUTION, ETC.
Place of publication, distribution, etc. New Delhi:
Name of publisher, distributor, etc. Akansha Publishing house,
Date of publication, distribution, etc. 2008.
300 ## - PHYSICAL DESCRIPTION
Extent 235p:
Dimensions 23cm.
653 ## - INDEX TERM--UNCONTROLLED
Uncontrolled term Social group of women
653 ## - INDEX TERM--UNCONTROLLED
Uncontrolled term Women & peace chapters from northeast india
700 1# - ADDED ENTRY--PERSONAL NAME
Personal name Bhuyan, Ratna,
Relator term Editor.,
942 ## - ADDED ENTRY ELEMENTS (KOHA)
Koha item type Books
Holdings
Withdrawn status Lost status Damaged status Not for loan Home library Current library Shelving location Date acquired Total checkouts Full call number Barcode Date last seen Copy number Price effective from Koha item type
        Naharkatiya College Library Naharkatiya College Library General stacks 09/19/2020   305.4 | WOM 17450 09/19/2020 1 09/19/2020 Books